00470cam a22001572 4500001001100000005001700011008004100028020002800069040001500097050001600112245006200128260002700190300000900217650005400226700003200280000000311820151217161132.0070427s xx 000 0 eng d a0761926119 :cKES 2,800 aKABUcKABU 0aHM425b.E5310aEncyclopedia of social theory /cedited by George Ritzer. aLondon :bSage,c2005. a2 v. 0aSociologyxPhilosophyvEncyclopedias.@00001527611 aRitzer, George.@0000152762